Countries With the Least Natural Disasters - Statistics

General Stats
  • This quiz has been taken 28 times
  • The average score is 8 of 15
Answer Stats
# Country % Correct
0.64 Luxembourg
80%
1.02 Switzerland
76%
0.22 Andorra
72%
0.88 Malta
72%
0.24 Monaco
68%
0.72 Liechtenstein
64%
0.36 San Marino
64%
0.99 Denmark
60%
0.95 Slovakia
52%
1.00 Nauru
44%
0.75 Belarus
40%
0.94 Hungary
40%
0.67 Sao Tome and Principe
36%
0.63 Singapore
36%
0.87 Bahrain
32%
No matching quizzes found
Score Distribution
Percent of People with Each Score
Percentile by Number Answered
Your Score History
You have not taken this quiz